<?xml version="1.0" encoding="UTF-8"?><?xml-stylesheet type="text/xsl" href="static/style.xsl"?><OAI-PMH xmlns="http://www.openarchives.org/OAI/2.0/" xmlns:xsi="http://www.w3.org/2001/XMLSchema-instance" xsi:schemaLocation="http://www.openarchives.org/OAI/2.0/ http://www.openarchives.org/OAI/2.0/OAI-PMH.xsd"><responseDate>2026-04-13T16:52:14Z</responseDate><request verb="GetRecord" identifier="oai:www.recercat.cat:2117/81669" metadataPrefix="marc">https://recercat.cat/oai/request</request><GetRecord><record><header><identifier>oai:recercat.cat:2117/81669</identifier><datestamp>2025-07-23T06:07:50Z</datestamp><setSpec>com_2072_1033</setSpec><setSpec>col_2072_452951</setSpec></header><metadata><record xmlns="http://www.loc.gov/MARC21/slim" xmlns:dcterms="http://purl.org/dc/terms/" xmlns:xsi="http://www.w3.org/2001/XMLSchema-instance" xmlns:doc="http://www.lyncode.com/xoai" xsi:schemaLocation="http://www.loc.gov/MARC21/slim http://www.loc.gov/standards/marcxml/schema/MARC21slim.xsd">
   <leader>00925njm 22002777a 4500</leader>
   <datafield ind2=" " ind1=" " tag="042">
      <subfield code="a">dc</subfield>
   </datafield>
   <datafield ind2=" " ind1=" " tag="720">
      <subfield code="a">Tapia García, Mario</subfield>
      <subfield code="e">author</subfield>
   </datafield>
   <datafield ind2=" " ind1=" " tag="260">
      <subfield code="c">2015-10</subfield>
   </datafield>
   <datafield ind2=" " ind1=" " tag="520">
      <subfield code="a">El objeto principal de este proyecto final de máster es analizar el comportamiento a altas temperaturas de paneles de cemento de magnesio. Para completar el estudio se realiza un comparativo con paneles de alma de yeso, utilizados habitualmente en construcción. Dado su alto contenido en Cloruro de Magnesio, se marca como objetivo paralelo determinar si la dosificación de los diferentes componentes condiciona la cantidad de HCl emitido. Por último, se investiga la existencia de normas de referencia relacionadas con la toxicidad de los materiales de  construcción.&#xd;
&#xd;
Para todo ello se seleccionan dos tipos de paneles comerciales de alma de yeso y dos formados por cemento de magnesio. Para determinar si la dosificación de los componentes condicionan las emisiones, se realizan varias probetas experimentales de las cuales se seleccionan tres que se considera que son las más representativas.&#xd;
Los ensayos a los que se someten las probetas son: Termogravimetría: Técnica en que se mide el peso de una muestra frente al tiempo, mientras se somete la muestra a un programa de temperatura controlado. ; Llama directa: Ensayo basado en aplicar una llama de 1000 ºC a una probeta ubicada a cierta distancia.; Emisión de ácido clorhídrico (HCl): Ensayo formado por un horno con ventilación, en el que se introduce una muestra y una sonda, a través de la cual se recogen los gases que analiza un medidor.; Una vez finalizada la parte experimental, se analizan los resultados de los ensayos; del análisis de estos, se obtienen las conclusiones que completan la memoria del presente proyecto.</subfield>
   </datafield>
   <datafield tag="653" ind2=" " ind1=" ">
      <subfield code="a">Àrees temàtiques de la UPC::Enginyeria dels materials::Assaig de materials</subfield>
   </datafield>
   <datafield tag="653" ind2=" " ind1=" ">
      <subfield code="a">Àrees temàtiques de la UPC::Edificació::Materials de construcció</subfield>
   </datafield>
   <datafield tag="653" ind2=" " ind1=" ">
      <subfield code="a">Building materials</subfield>
   </datafield>
   <datafield tag="653" ind2=" " ind1=" ">
      <subfield code="a">Construction industry</subfield>
   </datafield>
   <datafield tag="653" ind2=" " ind1=" ">
      <subfield code="a">Materials de construcció</subfield>
   </datafield>
   <datafield tag="653" ind2=" " ind1=" ">
      <subfield code="a">Elements de construcció</subfield>
   </datafield>
   <datafield tag="653" ind2=" " ind1=" ">
      <subfield code="a">Industrialització de la construcció -- Elements</subfield>
   </datafield>
   <datafield tag="653" ind2=" " ind1=" ">
      <subfield code="a">Murs interiors</subfield>
   </datafield>
   <datafield ind2="0" ind1="0" tag="245">
      <subfield code="a">Comportamiento a alta temperatura de paneles  de cemento de magnesio</subfield>
   </datafield>
</record></metadata></record></GetRecord></OAI-PMH>